Państwa według linii brzegowej na mieszkańca - Statystyki

Ogólne statystyki
  • Ten quiz został rozwiązany 10 razy
  • Średni wynik to 14 z 22
Statystyki odpowiedzi
Na mieszkańca Państwo % Poprawnych
3,44 m Kanada
100%
1,58 m Chile
88%
8,01 m Dania
88%
2,81 m Fidżi
75%
8,64 m Kiribati
75%
4,90 m Norwegia
75%
7,78 m Tuvalu
75%
9,42 m Bahamy
63%
13,2 m Islandia
63%
3,05 m Mikronezja
63%
1,97 m Nowa Zelandia
63%
3,33 m Tonga
63%
6,89 m Vanuatu
63%
10,8 m Wyspy Marshalla
63%
5,46 m Wyspy Salomona
63%
1,89 m Antigua i Barbuda
50%
1,66 m Nauru
50%
15,3 m Palau
50%
2,28 m Saint Kitts i Nevis
50%
1,94 m Dominika
38%
2,99 m Seszele
38%
1,88 m Belize
25%
Nie znaleziono quizów pasujących do podanych kryteriów
Rozkład punktacji
Procent ludzi z każdym wynikiem
Percentyl według liczby udzielonych odpowiedzi
Twoja historia wyników
Nie rozwiązałeś tego quizu